Đôi mắt lụa : Truyện ngắn thế giới chọn lọc /

সংরক্ষণ করুন:
গ্রন্থ-পঞ্জীর বিবরন
প্রধান লেখক: Ngô Huy Bội, Ngô Tự Lập
অন্যান্য লেখক: Ngô Bích Thu
বিন্যাস: Sách giấy
ভাষা:Vietnamese
প্রকাশিত: Hà Nội : Văn học , 1998
ট্যাগগুলো: ট্যাগ যুক্ত করুন
কোনো ট্যাগ নেই, প্রথমজন হিসাবে ট্যাগ করুন!
Thư viện lưu trữ: Thư viện Trường Đại học Đà Lạt
LEADER 00737nam a2200265 4500
001 DLU020011066
005 ##12/8/1999
041 # # |a vie 
082 # # |a 808.83  |b Doi 
090 # # |a 808.83  |b Doi 
100 # # |a Ngô Huy Bội 
100 # # |a Ngô Tự Lập 
245 # # |a Đôi mắt lụa :  |b Truyện ngắn thế giới chọn lọc /  |c Ngô Tự Lập, Ngô Huy Bội, Ngô Bích Thu, Sagan Francoise, Telloun Tahar Ben, Moravia Anberto 
260 # # |a Hà Nội :  |b Văn học ,  |c 1998 
300 # # |a 289 tr.;   |c 19 cm. 
700 # # |a Ngô Bích Thu 
992 # # |a 23500 
994 # # |a DLU 
900 # # |a False 
911 # # |a Administrator 
925 # # |a G 
926 # # |a A 
927 # # |a SH 
980 # # |a Thư viện Trường Đại học Đà Lạt